Grafías del imaginario : (Record no. 196165)
[ view plain ]
| 000 -LEADER | |
|---|---|
| campo de control de longitud fija | 01636nam a2200409 i 4500 |
| 001 - NÚMERO DE CONTROL | |
| campo de control | 196165 |
| 003 - IDENTIFICADOR DE NÚMERO DE CONTROL | |
| campo de control | ES-MaACL |
| 005 - FECHA Y HORA DE LA ÚLTIMA TRANSACCIÓN | |
| campo de control | 20260215143035.0 |
| 008 - DATOS DE LONGITUD FIJA--INFORMACIÓN GENERAL | |
| campo de control de longitud fija | 240816s2003 mx a | |||| 000 0dspa |
| 020 ## - NÚMERO INTERNACIONAL ESTÁNDAR DEL LIBRO | |
| Número Internacional Estándar del Libro | 9681669584 |
| 035 ## - NÚMERO DE CONTROL DEL SISTEMA | |
| Número de control de sistema | (OCoLC)53709388 |
| 035 ## - NÚMERO DE CONTROL DEL SISTEMA | |
| Número de control de sistema | (SpMaBN)a4824276 |
| 035 ## - NÚMERO DE CONTROL DEL SISTEMA | |
| Número de control de sistema | 991025263219708606 |
| 040 ## - FUENTE DE CATALOGACIÓN | |
| Centro catalogador/agencia de origen | SpMaBN |
| Lengua de catalogación | spa |
| Centro/agencia transcriptor | SpMaBN |
| Normas de descripción | rdc |
| 080 ## - NÚMERO DE LA CLASIFICACIÓN DECIMAL UNIVERSAL | |
| Número de la Clasificación Decimal Universal | 327(460:8=134.2)"15/17" |
| 080 ## - NÚMERO DE LA CLASIFICACIÓN DECIMAL UNIVERSAL | |
| Número de la Clasificación Decimal Universal | 94(72)"1521/1821" |
| 080 ## - NÚMERO DE LA CLASIFICACIÓN DECIMAL UNIVERSAL | |
| Número de la Clasificación Decimal Universal | 94(8=134.2)"15/17"(089.3) |
| 245 00 - MENCIÓN DEL TÍTULO | |
| Título | Grafías del imaginario : |
| Resto del título | representaciones culturales en España y América (siglos XVI-XVIII) / |
| Mención de responsabilidad, etc. | Carlos Alberto González Sánchez y Enriqueta Vila Vilar (compiladores). |
| 250 ## - MENCION DE EDICION | |
| Mención de edición | 1ª ed. |
| 260 ## - PUBLICACIÓN, DISTRIBUCIÓN, ETC. | |
| Lugar de publicación, distribución, etc. | México, D.F. : |
| Nombre del editor, distribuidor, etc. | Fondo de Cultura Económica, |
| Fecha de publicación, distribución, etc. | 2003. |
| 300 ## - DESCRIPCIÓN FÍSICA | |
| Extensión | 641 p. : |
| Otras características físicas | il. ; |
| Dimensiones | 23 cm. |
| 336 ## - TIPO DE CONTENIDO | |
| Fuente | rdacontent |
| Término de tipo de contenido | texto |
| 337 ## - TIPO DE MEDIO | |
| Fuente | rdamedia |
| Nombre/término del tipo de medio | sin mediación |
| 338 ## - TIPO DE SOPORTE | |
| Fuente | rdacarrier |
| Nombre/término del tipo de soporte | volumen |
| 490 0# - MENCIÓN DE SERIE | |
| Mención de serie | Sección de obras de historia |
| 504 ## - NOTA DE BIBLIOGRAFÍA, ETC. | |
| Nota de bibliografía, etc. | Incluye referencias bibliográficas |
| 651 #4 - PUNTO DE ACCESO ADICIONAL DE MATERIA--NOMBRE GEOGRÁFICO | |
| Nombre geográfico | América española- |
| Subdivisión de forma | Misceláneas |
| Fuente del encabezamiento o término | embne |
| 9 (RLIN) | 7733 |
| 651 #7 - PUNTO DE ACCESO ADICIONAL DE MATERIA--NOMBRE GEOGRÁFICO | |
| Nombre geográfico | México- |
| Subdivisión general | Historia- |
| Subdivisión cronológica | 1521-1821, Época colonial |
| 9 (RLIN) | 158070 |
| 651 #4 - PUNTO DE ACCESO ADICIONAL DE MATERIA--NOMBRE GEOGRÁFICO | |
| Nombre geográfico | España- |
| Subdivisión general | Relaciones- |
| Subdivisión geográfica | América española |
| Fuente del encabezamiento o término | embne |
| 9 (RLIN) | 8453 |
| 700 ## - ENTRADA AGREGADA--NOMBRE PERSONAL | |
| Nombre de persona | González Sánchez, Carlos Alberto, |
| Fechas asociadas al nombre | 1963- |
| Término indicativo de función/relación | Editor literario |
| 9 (RLIN) | 238412 |
| 700 0# - ENTRADA AGREGADA--NOMBRE PERSONAL | |
| Nombre de persona | Vila Vilar, Enriqueta |
| 9 (RLIN) | 114745 |
| Término indicativo de función/relación | Editor |
| 852 ## - LOCALIZACIÓN | |
| Ubicación | ES-MaACL |
| Sublocalización o colección | R.154470 |
| Ubicación en estantería | Depósito J |
| Número de control de estantería | N-9233 |
| Donativo/Legado | Donación: Editorial |
| Encuadernación | Encuadernación rústica |
| itemnumber | 205195 |
| 942 ## - ELEMENTOS DE ENTRADA SECUNDARIOS (KOHA) | |
| Tipo de ítem Koha | Libro impreso |
| Suprimir en OPAC | No |
| Estatus retirado | Estado de pérdida | Fuente del sistema de clasificación o colocación | Estado de daño | No para préstamo | Biblioteca de origen | Biblioteca actual | Ubicación en estantería | Fecha de adquisición | Fuente de adquisición | Total de préstamos | Signatura topográfica completa | Código de barras | Visto por última vez | Precio de reemplazo | Tipo de ítem Koha |
|---|---|---|---|---|---|---|---|---|---|---|---|---|---|---|---|
| Clasificación decimal universal | Biblioteca del Ateneo de Madrid | Biblioteca del Ateneo de Madrid | Depósito J | 05/05/2025 | Donación | N-9233 | 101229970 | 05/05/2025 | 05/05/2025 | Libro impreso |
